000 00872nam a2200253Ia 4500
003 OSt
005 20220930064221.0
006 a|||||r|||| 00| 0
007 ta
008 220926b |||||||| |||| 00| 0 eng d
024 _a3909
037 _cTheses
040 _aCRL
_cCRL
_beng
041 _2eng
_aeng
100 _aGoel Shashi Kanta
_9524178
110 _aUniversity of Delhi. Faculty of Medical Sciences. Department of Obstetrics and Gynaecology
245 0 _aStudy of vaginal and neonatal flora following spontaneous and surgically induced labour
260 _c1983
650 _aWOMEN - DISEASES
700 _a Dr A Chakravarty Supervisor
_9520285
700 _aUniversity of Delhi. Faculty of Medical Sciences. Department of Obstetrics and Gynaecology
942 _cDIS
_2CC
999 _c857884
_d857884